| 000 | 00489nam a2200229Ia 4500 | ||
|---|---|---|---|
| 003 | IT-RoPAU | ||
| 008 | 120407s9999 xx 000 0 und d | ||
| 040 | _aIT-RoPAU | ||
| 040 | _cIT-RoPAU | ||
| 041 | _alat | ||
| 100 | _aLouis Billot | ||
| 245 | _aDe Verbo incarnato | ||
| 250 | _aRoma | ||
| 260 | _aGregoriana | ||
| 260 | _c1927 | ||
| 300 | _a638 p. | ||
| 300 | _c22 cm | ||
| 490 | _v1 | ||
| 600 | _aCommentarium in tertiam partem s.Thomae | ||
| 942 | _cBK | ||
| 999 |
_c36165 _d36165 |
||